| 000 | 00395nam a2200145Ia 4500 | ||
|---|---|---|---|
| 008 | 231129s1976||||xx |||||||||||||| ||spa|| | ||
| 020 | _a84-7156-006-2 | ||
| 040 | _bspa | ||
| 082 | _a920.02 U86v | ||
| 100 | _aUslar-Pietri Arturo | ||
| 245 | 0 | _aValores humanos : Monografias y evocaciones | |
| 260 | _c1976 | ||
| 264 | _aMediterraneo | ||
| 942 |
_2ddc _cBKS |
||
| 999 |
_c26120 _d26120 |
||